1807 1592 1747 1990 1163 1531 1704 1316 1982 1532 1885 1619 1627 1487 1448 1155 1141 1598 1148 1979 1603 1809 1933 1071 1450 1196 1866 1440 1817 1686 1733 1520 1588 1763 1705 1048 1250 1615 1982 1098 1290 1768 1109 1649 1134 1190 1174 1741 1829 1499 1244 1843 1404 1678 1144 1819 1070 1592 1794 1106 1574 1796 1007 1511 1040 1370 1558 1779 1670 1349 1232 1249 1755 1483 1080 1477 1887 1403 1810 1731 1926 1134 1313 1447 1369 1798 1965 1906 1889 1267 1979 1624 1018 1760 1942 1678 1592 1351 1725 BCNSPRNW ULIB Ver.6.0+V

เปลี่ยนเป็นภาษาไทย

Change to English
 แสดงรายละเอียดบรรณานุกรม
  กลับหน้าหลัก

Brief Record : Get Marc (ISO 2709) : E-mail record : QR code < ปิดหน้าต่าง
LEADER : 00000nam 2200000uu 4500
001    13399109209
003     ULIB
008    110324s2543||||th 000 0 tha d
020    9742990433
060 04 WA525^bอ218ข 2543
100 0  อนุวัฒน์ ศุภชุติกุล
245 10 ขั้นตอนการทำกิจกรรมพัฒนาคุณภาพ :^bรูปแบบสำหรับบริการสุขภาพ/^cอนุวัฒน์ ศุภชุติกุล ... [และคนอื่นๆ]
250    พิมพ์ครั้งที่ 4
260    กรุงเทพฯ :^bสถาบันวิจัยระบบสาธารสุข,^c2543
300    156 หน้า ;^c24 ซม.
490 0  ชุด "การพัฒนาคุณภาพบริการโรงพยาบาล"
650  0 Hospitals accreditation
650  2 Hospital Administration
650  7 บริการการพยาบาลของโรงพยาบาล
650  7 บริการทางการแพทย์
650  7 โรงพยาบาล, การบริหาร
650  7 บริการสุขภาพ, การวิจัย
650  7 โรงพยาบาล^xการประกันคุณภาพ
700 0  อนุวัฒน์ ศุภชุติกุล
710 2  สถาบันพัฒนาและรับรองคุณภาพโรงพยาบาล
945    ^p240^l0^i018464
945    ^p240^l0^i014558
945    ^p240^l0^i014556
945    ^p240^l0^i014557
995    ทศพร
999 ^a ใช้งานได้ทุกระบบ
รายการนี้ยังไม่มีแท็ก
คุณยังไม่ได้ล็อกอิน คุณสามารถมีกิจกรรมร่วมกับเว็บไซต์ได้ แต่ต้องล็อกอินก่อน ::
  ล็อกอิน

รายการสื่อสารสนเทศ

ลำดับที่ ประเภท เลขเรียก/บาร์โค้ด สถานที่ สถานะ
- ไม่พบข้อมูล -

รายการใกล้เคียง
    ผู้แต่ง [อนุวัฒน์ ศุภชุติกุล]

    หัวเรื่อง [Hospitals accreditation]
    หัวเรื่อง [Hospital Administration]
    หัวเรื่อง [บริการทางการแพทย์]
    หัวเรื่อง [บริการสุขภาพ, การวิจัย]

BibComment


ยังไม่เคยถูกคอมเมนท์

คอมเมนท์ทรัพยากรรายการนี้
  คอมเมนท์: ขั้นตอนการทำกิจกร..


 Copyright 2026. Bcnsprnw @Library